000 00556nam a22001937a 4500
003 OSt
005 20180116183030.0
008 151218b xxu||||| |||| 00| 0 eng d
020 _a03-850-2013-1
024 _203-850-2013-1
040 _cLahore LUMS
082 _a 174.4 LUM 2013
100 _aRANA AI
245 _aFIAZ ENTERPRISES: THE ASSEMBLY LINE EXPERIMENT BUTT S,
_cRANA AI
260 _aLahore LUMS
_b 174.4 LUM 2013
_c2013
300 _a19 p.
_bPapers
440 _aFIAZ ENTERPRISES: THE ASSEMBLY LINE EXPERIMENT BUTT S,
942 _2ddc
_cCS
999 _c350986
_d350986